000 01224nam a2200325 i 4500
003 DO-SdBNP
005 20240304114437.0
007 ta
008 220628t2021 dr a|jr|||| 00| jdspa d
020 _a9789945240146
040 _aDO-SdBNP
_bspa
_cBPMSU
_erda
082 4 _aRD863.44
_bV443j 2021
_222
100 1 _aVeloz Maggiolo, Marcio,
_d1936-2021
100 z _a Maggiolo, Marcio Veloz
245 1 0 _aJanumán:
_bhistoria de un león que comía batatas y de un mono llamado Janumán. /
_cMarcio Veloz Maggiolo ; edición Luis Beiro Álvarez; ilustraciones; Tulio Matos.
260 _aSanto Domingo :
_bSantillana Infantil y Juvenil,
_c2021
300 _a45 páginas :
_bIlustraciones ;
_c20 cm.
336 _2rdaconten
_atexto
_btxt
337 _2rdamedia
_asin medición
_bn
338 _2rdacarrier
_avolumen
_bnc
490 0 _aloQueleo;
_aNaranja / Novela,
_v+10
500 _aIncluye datos biográficos del autor en la p. 45
590 _aInventariado 2024 / VM
650 4 _aCuentos infantiles dominicanos
650 4 _aLiteratura infantil dominicana
700 1 _aBeiro Álvarez, Luis,
_d1950-
_eeditor
700 1 _aMatos, Tulio
_eilustrador
910 _a VMateo V. Control de calidad. BPMSU
942 _2ddc
_cBK
999 _c14578
_d14578